Statistics for European Geography by Letter - I

Click here to take the quiz!

General Stats

  • This quiz has been taken 115 times
  • The average score is 13 of 20

Answer Stats

HintAnswer% Correct
Rome, Milan, and Venice are located in this countryItaly
100%
Andorra, Spain, and Portugal are located on this peninsulaIberia
97%
Spanish island known for its nightlifeIbiza
96%
Celtic nationIreland
96%
Largest city in Turkey, located in both Europe and AsiaIstanbul
96%
Island country first settled in the 9th centuryIceland
94%
British Crown Dependency located between Great Britain and the above countryIsle of Man
90%
Austrian city which hosted the 1964 and 1976 Winter OlympicsInnsbruck
89%
City considered the capital of the Scottish HighlandsInverness
89%
Ancient Greek poem written by Homer about the Trojan WarIliad
81%
Sea within the Mediterranean to the west of GreeceIonian Sea
73%
Largest island of England (excluding Great Britain)Isle of Wight
68%
Island in the above sea that Odysseus ruled over in Homer's worksIthaca
45%
Peninsula on the Adriatic Sea, mostly in Croatia, but with parts in Slovenia and the above countryIstria
44%
Southernmost island of the HebridesIslay
33%
Largest lake of the Netherlands, which was created when a bay called Zuiderzee was closed off and partially drainedIJsselmeer
29%
Ancient region and Roman province in the Western BalkansIllyria
25%
Republic of Russia in the North CaucasusIngushetia
22%
Largest city in Udmurtia, RussiaIzhevsk
18%
Medieval Norse-Gaelic kingdom including the above island and the HebridesKingdom of the Isles
15%

Score Distribution

Percentile by Number Answered

Percent of People with Each Score

Your Score History

You have not taken this quiz